Труден географски тест #1 - Statistics

General Stats
  • This quiz has been taken 53 times
  • The average score is 3 of 15
Answer Stats
Въпрос: Отговор: % Correct
От колко държави се състои континентът Океания? 14
58%
Коя е единствената държава в Азия, която заедно със съседните си страни, няма излаз на море? Узбекистан
49%
Столицата на Бруней е: Бандар Сери Бегаван
36%
Южна Америка е била част от древния континент: Гондвана
36%
В коя държава се намира Галилейското езеро? Израел
33%
Близо до бреговете на коя страна се намира заливът на Географа? Австралия
24%
Кой е третият по големина град в Гърция? Патра
22%
Коя е най-западно разположената столица в Африка? Прая
20%
Старото име на гр. Днипро, Украйна, е: Днепропетровск
18%
Коя е най-голямата пустиня в Израел? Негев
13%
Арменското име за азербайджанската провинция Нагорни Карабах е: Арцах
9%
Коя е единствената река в Европа, преминаваща през точно три столици? Сава
9%
Освен португалския, кой е другия официален език на Източен Тимор? Тетум
7%
Кой е най-големият град в канадската провинция Нунавут? Икалуит
4%
Най-големият остров на територията на Китайската народна република е: Хайнан
4%
No matching quizzes found
Score Distribution
Percent of People with Each Score
Percentile by Number Answered
Your Score History
You have not taken this quiz